| 000 | 00408nam a2200133Ia 4500 | ||
|---|---|---|---|
| 008 | 170221s9999 xx 000 0 und d | ||
| 100 | _aBrian J. Focarino | ||
| 245 | 4 | _aThe Trademark as a Novel Innovation Index | |
| 245 | _cBrian J. Focarino | ||
| 260 | _cJune 2017 | ||
| 300 | _a9 : 1 | ||
| 650 | _xBusiness | ||
| 856 | _uhttp://digitalcommons.pepperdine.edu/cgi/viewcontent.cgi?article=1138&context=jbel | ||
| 999 |
_c309855 _d309855 |
||